| 000 | 01869nam0a2200349 4500 | ||
|---|---|---|---|
| 001 | RU\NLR\bibl\1511739 | ||
| 005 | 20260405074705.0 | ||
| 010 |
_a978-5-8243-1199-0 _91000 |
||
| 021 |
_aRU _b2010-26433 _91779 |
||
| 035 | _a(NLR Aleph) 001503134 | ||
| 090 |
_a1799325 _c1799325 |
||
| 100 | _a20100517d2010 |||y0rusy50 ca | ||
| 101 | 0 | _arus | |
| 102 | _aRU | ||
| 105 | _ay ||||||||| | ||
| 200 | 1 |
_aВсероссийское Учредительное Собрание _fМарк Вениаминович Вишняк _gсост., авт. вступ. ст. и коммент.: А.Н. Медцшевский д.филол.н. _gИн-т обществ. мысли, [НП благотвор. орг. Искусство и спорт] |
|
| 210 |
_aМосква _cРоссийская политическая энциклопедия _d2010 |
||
| 215 |
_a447 с. _d22 |
||
| 225 | 1 |
_aБиблиотека отечественный общественной мысли с древнейших времен до начала XX века _fред. совет.: Л.А. Опенкин д.ист.н., проф. (пред.) [и др.] |
|
| 320 | _aБиблиогр. в подстроч. примеч. | ||
| 320 | _aБиблиогр. работ авт.: с. 437 | ||
| 320 | _aУказ. имен: с. 438-444 | ||
| 601 | 0 | 2 |
_aВсероссийское учредительное собрание _92533420 _3RU\NLR\auth\661500468 |
| 686 | _aТ3(2)711.29-310 | ||
| 700 | 1 |
_4070 _8rus _7ca _aВишняк _bМ.В. _f1883-1977 _gМарк Вениаминович _3RU\NLR\auth\7726427 _99466 |
|
| 801 | 0 |
_aRU _bNLR _c20100517 _gRCR |
|
| 801 | 1 |
_aRU _bNLR _c20100517 |
|
| 830 | _aавт. по кн. | ||
| 942 | _cBOOK | ||
| 980 | _aNB | ||